| 000 | 00596nam a2200145Ia 4500 | ||
|---|---|---|---|
| 008 | 200226s9999 xx 000 0 und d | ||
| 020 | _a978-1-4739-4731-3 | ||
| 100 | _aMitchell, Claudia | ||
| 245 |
_cClaudia Mitchell, Naydene De Lange, Relebohile Moletsane.-- _aParticipatory visual methodologies : _bsocial change, community and policy / |
||
| 260 |
_aLondon : _bSAGE Publications Ltd _c2017 |
||
| 300 |
_axiv , 231 pages : _billustration ; _c25 cm. |
||
| 500 | _aincludes bibligraphical reference and indexes. | ||
| 650 | _aSocial change -- citizen participation. | ||
| 650 | _aVisual sociology. | ||
| 999 |
_c362987 _d362987 |
||